000 00565nam a2200217 a 4500
001 13887
003 CO-ViMGA
008 141112s2004 ck r 000 u spa d
020 _a8484033317
040 _aCO-ViMGA
_bspa
_cCO-ViMGA
082 0 4 _a796.8 S155
100 1 _aSan, Lee
_920248
245 1 0 _aArmas orientales
260 _aMadrid :
_bEdimat libros,
_c1998
300 _a190
490 _aLibro de Oro : Artes Marciales
590 _aForma de adquisición : Compra
650 1 4 _aARMAS ORIENTALES
_920249
650 1 4 _aARTES MARCIALES
942 _2ddc
_cBK
999 _c24589
_d24589